00839nam a22002537a 450000500170000001000350001702000260005203500170007803500130009503500230010803700120013103700130014308200130015610000190016924501120018825000110030026000390031127000780035030000250042850000500045365000430050370000160054670000230056220230719114806.0 a1617EN ENG-115226 ENG-137459 a9789351506430c650.00 aB-654225-229 aB-667881 aEN-98758 EN-120991 bTechniz bDBAD/PUB00a302.2072 aMytton, Graham10aMedia audience research:cby Graham Mytton, Peter Diem [and] Piet Hein van Damba guide for professionals / a3rd ed aNew DelhibSAGE Publicationsc2016 aB1/I-1 Mohan Cooperative Industrial Area, Mathura RoadbNew Delhie110044 axvi,281p.c24cm(pbk) aIncludes bibliographical references and index aMass media xResearch xMethodology. aDiem, Peter aDam, Peet Hein van